| 000 | 00368pab a2200157 454500 | ||
|---|---|---|---|
| 008 | 180718b2013 xxu||||| |||| 00| 0 eng d | ||
| 100 | _aKhaitan, Tarunabh | ||
| 245 | _aConstitution as a statutory term | ||
| 260 | _c2013 | ||
| 300 | _ap.589-609. | ||
| 362 | _aOct | ||
| 650 | _aConstitutions | ||
| 773 | _aLaw Quarterly Review | ||
| 908 | _aN | ||
| 909 | _a101593 | ||
| 999 |
_c101591 _d101591 |
||